Normal view
MARC view
Entry Topical Term
001 - CONTROL NUMBER
- control field: 28533
003 - CONTROL NUMBER IDENTIFIER
- control field: dpl
005 - DATE AND TIME OF LATEST TRANSACTION
- control field: 20110608143757.0
008 - FIXED-LENGTH DATA ELEMENTS
- fixed length control field: 110608|||a|||||| | ||| d
040 ## - CATALOGING SOURCE
- Original cataloging agency: dpl
- Transcribing agency: dpl
150 ## - HEADING--TOPICAL TERM
- Topical term or geographic name as entry element: Warships
- Form subdivision: Congresses.
670 ## - SOURCE DATA FOUND
- Source citation: Work cat.: (dpl): Li, Xiaobing 28493 1954-, The Aircraft carrier in the 21st century /, 2011
670 ## - SOURCE DATA FOUND
- Source citation: Work cat.: (dpl): Li, Xiaobing 28493 1954-, The Aircraft carrier in the 21st century /, 2011
